Mecánica de suelos

Tallennettuna:
Bibliografiset tiedot
Päätekijät: Juárez Badillo, Eulalio (Tekijä), Rico Rodríguez, Alfonso (Tekijä)
Aineistotyyppi: Kirja
Kieli:espanja
Julkaistu: Ciudad de México Limusa 2006
Painos:1a. ed
Aiheet:
Tagit: Lisää tagi
Ei tageja, Lisää ensimmäinen tagi!

MARC

LEADER 00000nam a2200000 a 4500
001 UCJ9716
003 CL-VaPUC
008 070405e20060000MX |||||||||||||||||spa|d
020 |a 9681800699v.1 
082 0 4 |a 624.151  |b JUA  |2 21 
100 |a Juárez Badillo, Eulalio  |e author  |9 540319 
700 0 |a Rico Rodríguez, Alfonso  |e author  |9 519760 
245 1 0 |a Mecánica de suelos 
250 |a 1a. ed 
300 |a v 
942 |c BK 
945 |d 20070405 00:00:00  |a cmena 
260 |a Ciudad de México  |b Limusa  |c 2006 
650 0 |a Mecánica de los suelos  |9 350707 
650 0 |a Suelos  |9 260322 
650 0 |a Drenaje  |9 262510 
650 0 |a Ingeniería hidráulica  |9 260281 
650 0 |a Propiedades del suelo  |9 350106 
650 0 |a Propiedades mecánicas   |9 262507 
650 7 |a FISICA DEL SUELO  |2 CL-VaPUC  |9 350105 
583 |a last modification  |c 20070405 00:00:00  |k Rodrigo Vera 
999 |c 325128  |d 325126 
952 |0 0  |1 0  |4 0  |6 624_151000000000000_JUA_2006  |7 0  |8 A  |9 405718  |a BIBING  |b BIBING  |d 2019-11-22  |h v.1  |i 4329309  |l 3  |o 624.151 JUA 2006  |p 4329309  |r 2025-01-20  |s 2023-04-18  |w 2019-11-22  |y BK  |k CIC